'U' Game Quiz Stats

 Plays Quiz Updated Oct 18, 2018

Score 0/24 Timer 06:00
4 Plays Today
Category U Terms % Correct
PlanetsUranus
92.9%
US StatesUtah
90.6%
CountriesUnited Kingdom
88.9%
CountriesUganda
85%
Pixar MoviesUp
84.6%
CountriesUruguay
81.7%
CountriesUnited States of America
81.2%
ElementsUranium
73.7%
Human BonesUlna
72.6%
Stringed InstrumentsUkulele
70%
CountriesUzbekistan
69.8%
CountriesUnited Arab Emirates
65.7%
Category U Terms % Correct
CountriesUkraine
57.4%
ConstellationsUrsa Major
55.8%
ConstellationsUrsa Minor
55.6%
Biological SystemsUrinary System
53.6%
Hogwarts Professors*Dolores Jane Umbridge
49.9%
American Idol Winners*Carrie Underwood
46%
NFL MVP*Johnny Unitas
40.6%
Pope NamesUrban
39.5%
World CapitalsUlaanbaatar
36.3%
US Street SuffixesUnderpass
27.9%
US Street SuffixesUnion
26.4%
Oscar Best Picture WinnersUnforgiven
25.3%

You're not logged in!

Compare scores with friends on all Sporcle quizzes.
OR
Log In

Sporcle TV

Today on Sporcle TV


Watch our educational content, quiz creation guides, and fun videos on Sporcle TV.

Show Comments

Extras

Top Quizzes Today


Score Distribution

Your Account Isn't Verified!

In order to create a playlist on Sporcle, you need to verify the email address you used during registration. Go to your Sporcle Settings to finish the process.

Report this User

Report this user for behavior that violates our Community Guidelines.

Details: